Shock waves from abroad : reminiscences from a Malaysian in Paris

Bibliographic Details
Main Author: Chapouthier, Wan Hua
Format: Book
Published: Kuala Lumpur : Quill Publishers , 1990
Subjects:

MARC

LEADER 00000cam a2200000 7i4500
001 0000003773
002 000004063
005 20000330.0
020 |a 9839640038 
090 0 0 |a 808.882   |b CHA 
100 1 |a Chapouthier, Wan Hua 
245 1 0 |a Shock waves from abroad :   |b reminiscences from a Malaysian in Paris   |c Wan Hua Chapouthier 
260 |a Kuala Lumpur :   |b Quill Publishers ,   |c 1990 
300 |a 147p. ;   |c 20cm. 
600 0 0 |a Chapouthiar, Wan Hua   |x Anecdotes 
650 0 0 |a Anecdotes 
999 |a 037009   |b BUKU   |c PINJAMAN   |e PERPUSTAKAAN KOMUNITI PETALING JAYA 
999 |a 037864   |b BUKU   |c PINJAMAN   |e PERPUSTAKAAN KOMUNITI PETALING JAYA